000 00431nam a2200169Ia 4500
005 20250508154137.0
008 008 250505s9999 xx 000 0 hin d
037 _aTextual
040 _aFEDL
_beng
_cFEDL
041 _ahin
_2eng
084 _a491.438, VAT
_qFEDL
100 _aVatsya Sant Ram
_9762754
245 0 _aGyan bharti
300 _a201p.
942 _cTEXL
_h491.438, VAT
999 _c1347967
_d1347967